000 00353nam a2200157Ia 4500
003 GCL
008 140319s9999 xx 000 0 eng d
040 _aGCL /
_cGCL
082 0 4 _a309.1
_bC E
100 1 _aCEDEJ
245 1 0 _aEGYPT - MONDE ARABE /
_cCEDEJ
260 _a[S.N] :
_bCEDEJ
650 0 4 _aEGYPT
650 0 4 _aMIDDLE EAST
942 _2ddc
_cBK
999 _c18144
_d18144